Samoopravné kódovanie v sieti

Salvato in:
Dettagli Bibliografici
Autore principale: Hornáček, Martin, 1992- (Autore)
Altri autori: Farkaš, Peter, 1956- (Relatore della tesi)
Natura: Manoscritto Libro
Lingua:slovacco
Pubblicazione: Bratislava : STU v Bratislave FEI, 2013
Soggetti:
Accesso online:VAIS
Tags: Aggiungi Tag
Nessun Tag, puoi essere il primo ad aggiungerne!!

MARC

LEADER 00000ntm a22000003a 4500
001 stu272842
005 20150617230247.2
008 130809s2013----xo------------------slo-d
040 |a STU  |b slo 
041 0 |a slo 
044 |a xo 
100 1 |a Hornáček, Martin,  |d 1992-  |4 aut  |u E  |T FEI Fakulta elektrotechniky a informatiky  |X 6238  |U E  |Y 30  |7 A000006238 
242 0 0 |a Network Error Correction Coding  |y eng 
245 1 |a Samoopravné kódovanie v sieti 
260 |a Bratislava :  |b STU v Bratislave FEI,  |c 2013 
300 |a 57 s  |c CD-ROOM 
650 7 |a Telekomunikácie  |2 stusub 
650 7 |a Telecommunications  |2 estusub 
700 1 |a Farkaš, Peter,  |d 1956-  |4 ths  |u E070  |U FEI Fakulta elektrotechniky a informatiky  |T FEI Ústav telekomunikácií  |X 1933  |U E070  |Y 818  |7 A000001933 
856 4 |a info a plný text  |u http://is.stuba.sk/zp/portal_zp.pl?podrobnosti=78357  |3 VAIS 
996 |b 284ER01302  |c E*Bc-1302  |l EE37  |s P  |a 0  |w stu272842_0001